Rahim Dina

Imperial B


Categories

Other0401408499.5002
Religion031325116121.0002
Fine Arts - Painting & Sculpture0200206797.0002
History - Other History0200204086.0001
Literature - American Literature010010128128.0000
Literature - World Literature0100108181.0011
Mythology010010136136.0000
Philosophy010010138138.0000
Science - Biology0100107070.0001
Fine Arts - Other Fine Arts0100108080.0001
History - American History010110133133.0000
History - European History010010108108.0000
History - World History010010102102.0000
Science - Chemistry0010-50.0000
Social Science0010-50.0000

Buzzes

History - Other Historywine1040
Fine Arts - Painting & SculptureRussia1067
Science - Biologybiodiversity1070
Fine Arts - Other Fine ArtsOldboy1080
Literature - World LiteratureOttoman Empire1081
Social ScienceHispanic Americans-584
OtherIndian people1084
Science - Chemistryethers-589
OtherBharatiya Janata Party1092
OtherPoland10100